Movies Quiz

Random Movies or Actor Quiz

10 Actors, 3 Decades Quiz Stats

Quiz Updated Jun 19, 2016

Challenge
Share
Tweet
Score 0/30 Timer 07:00
6 Plays Today
% Correct
Lincoln
91.1%
Mr. & Mrs. Smith
90.4%
The Wolf of Wall Street
90.2%
The Martian
88.2%
Romeo + Juliet
86.8%
Independence Day
82.6%
I Am Legend
80.8%
Blood Diamond
80.4%
The Last Samurai
79.3%
Jerry Maguire
78.2%
Malcolm X
77.3%
Moneyball
77.3%
Captain Phillips
76.8%
Philadelphia
73.8%
The Terminal
70.9%
% Correct
The Departed
62.6%
There Will Be Blood
62.1%
Concussion
61.4%
Edge of Tomorrow
53.3%
Flight
52.1%
Three Kings
48.6%
Ed Wood
46.3%
American Gangster
45.2%
The Talented Mr. Ripley
44.8%
Black Mass
42%
Hail, Caesar!
38.3%
Good Night, and Good Luck.
32.8%
Public Enemies
30.9%
The Crucible
29.6%
Sleepers
15.9%

You're not logged in!

Compare scores with friends on all Sporcle quizzes.
Join for Free
OR
Log In

You Might Also Like...

Show Comments

Extras

Top Quizzes Today


Score Distribution

Your Account Isn't Verified!

In order to create a playlist on Sporcle, you need to verify the email address you used during registration. Go to your Sporcle Settings to finish the process.

Report this User

Report this user for behavior that violates our Community Guidelines.

Details: